How i write : (Record no. 750636)

MARC details
000 -LEADER
fixed length control field 00378nam a22001335i 4500
020 ## - INTERNATIONAL STANDARD BOOK NUMBER
ISBN 9789365694925
082 ## - DEWEY DECIMAL CLASSIFICATION NUMBER
Classification number 891.4 FAL/H
245 00 - TITLE STATEMENT
Title How i write :
Sub Title writers on their craft /
Statement of responsibility, etc edited by Sonia Faleiro.
260 ## - PUBLICATION, DISTRIBUTION, ETC. (IMPRINT)
Place of publication . - Haryana
Name of publisher : Harper Collins
Year of publication , 2024
300 ## - PHYSICAL DESCRIPTION
Number of Pages xii, 283 pages
700 ## - ADDED ENTRY--PERSONAL NAME
Personal name Faleiro, Sonia ,editor
942 ## - ADDED ENTRY ELEMENTS (KOHA)
Source of classification or shelving scheme Dewey Decimal Classification
Koha item type Book
Holdings
Withdrawn status Lost status Source of classification or shelving scheme Damaged status Not for loan Home Library Current Location Date acquired Full call number Accession Number Price effective from Koha item type
    Dewey Decimal Classification     Dept. of Political Science Dept. of Political Science 06/02/2025 891.4 FAL/H POL23743 28/07/2025 Book